Т. 2; Исторические записки (Ши Цзи)

Xehetasun bibliografikoak
Parent link:Исторические записки (Ши Цзи): Пер. с кит./ Сыма Цянь; Российская академия наук; Отделение историко-филологических наук; Институт востоковедения. Т. 2.— 2-е изд., испр. и доп..— , 2003-.— 5-02-018264-8
Beste egile batzuk: Вяткин Р. В. (переводчик), Таскин В. С. Всеволод Сергеевич
Gaia:Изд-е дополнено очерками о жизни и деят. В. С. Таскина
Hizkuntza:errusiera
Argitaratua: 2003
Gaiak:
Formatua: Liburua
KOHA link:https://koha.lib.tpu.ru/cgi-bin/koha/opac-detail.pl?biblionumber=62675

MARC

LEADER 00000nam2a2200000 4500
001 62675
005 20241024101943.0
010 |a 5020182850 
035 |a (RuTPU)RU\TPU\book\66486 
090 |a 62675 
100 |a 20040415d2003 k y0rusy50 ca 
101 1 |a rus  |c chi 
102 |a RU 
105 |a с z 001zd 
200 0 |a Т. 2  |f Пер. Р. В. Вяткина, В. С. Таскина 
210 |d 2003 
215 |a 567 с.  |c 1 л. портр. 
300 |a Изд-е дополнено очерками о жизни и деят. В. С. Таскина 
320 |a Библиогр.: с. 488-496. 
320 |a Указатель китайских источников: с. 497-498 
320 |a Таблица правителей дома Цинь: с. 499-500 
320 |a Указатель имен: с. 502-521 
320 |a Указатель географических названий: с. 522-534 
320 |a Указатель этнических названий (племена и роды): с. 535-536 
320 |a Указатель китайских терминов: с. 537-547 
461 1 |0 (RuTPU)RU\TPU\book\13513  |y 5-02-018264-8  |t Исторические записки (Ши Цзи)  |o Пер. с кит.  |f Сыма Цянь  |g Российская академия наук; Отделение историко-филологических наук; Институт востоковедения  |v Т. 2  |e 2-е изд., испр. и доп.  |d 2003-  |s Памятники письменности Востока ; XXXII, 2 
600 1 |a Таскин  |b В. С.  |c китаевед, переводчик и научный редактор  |f 1917-1995  |g Всеволод Сергеевич  |2 stltpush  |3 (RuTPU)RU\TPU\pers\10448  |9 2224 
602 |a Цинь  |f 221-206 до н.э.  |c китайская императорская династия  |9 6943 
610 1 |a история 
610 1 |a Китай 
610 1 |a Древний Китай 
610 1 |a историография 
610 1 |a императоры 
686 |a Т3(5Кит)  |2 rubbk 
702 1 |a Вяткин  |b Р. В.  |4 730 
702 1 |a Таскин  |b В. С.  |g Всеволод Сергеевич  |4 730 
801 1 |a RU  |b 63413507  |c 20040415  |g PSBO 
801 2 |a RU  |b 63413507  |c 20190627  |g PSBO 
942 |c BK